| 000 | 01371nam a2200385 c 4500 | ||
|---|---|---|---|
| 003 | BLK | ||
| 005 | 20181002125726.0 | ||
| 008 | 180408b bul|||||r ||||||| ||bul|| | ||
| 010 | _aKNG00082499000 | ||
| 020 |
_a978-954-9985-22-1 _bиздат.: Фигура |
||
| 040 | _aBLK | ||
| 041 |
_aBUL _cBUL |
||
| 080 |
_aТеория и естетика на театъра и сцената, режисура _b792.01 _x _z792.01 |
||
| 100 | 1 |
_aНиколова, Камелия Николова _eпърви автор _9367927 |
|
| 139 |
_aНиколова, Камелия Николова _bН 75 |
||
| 245 | 1 | 0 |
_aТеатърът на границата на ХХ и ХХІ век _cКамелия Николова Николова. |
| 257 | _aBGR | ||
| 260 |
_аСофия _bФигура _c2007 |
||
| 300 |
_a274 с. _bс ил. _c21 см |
||
| 380 | _a7 | ||
| 500 | _aОфс. изд. - Библиогр. под линия. | ||
| 504 | _aпод линия | ||
| 590 | _aф | ||
| 650 | 4 |
_aТеатър - теория и естетика _9263814 |
|
| 653 | _aтеатър | ||
| 653 | _aХХ в. | ||
| 653 | _aХХІ в. | ||
| 653 | _aтеатрознанание | ||
| 653 | _aтеатрална критика | ||
| 852 | _aЦб 239109 | ||
| 856 | 4 |
_qpdf _u |
|
| 856 | 4 |
_qpdf _u |
|
| 942 |
_cKNG _n0 _01 |
||
| 944 |
_aCR _c20.03.2008 _kЛюдмила_Стоянова |
||
| 944 |
_aED _c03.07.2009 _k |
||
| 999 |
_c78034 _d78034 |
||